00000000nam 2200000zi 4500
0019.938878
003CaOODSP
00520241122145614
006m     o  d f      
007cr |n|||||||||
008240531s1979    onc     o    f000 0|eng d
040 |aCaOODSP|beng|erda|cCaOODSP
043 |an-cn---
0861 |aCo22-701/1979E-PDF
24500|aUse of broadcasting spectrum allocations for fixed relays in support of broadcasting operations.
264 1|a[Ottawa] : |bGovernment of Canada, Department of Communications = Gouvernement de Canada, Ministère des Communications, |c[1979]
300 |a1 online resource (1 volume (various pagings))
336 |atext|btxt|2rdacontent
337 |acomputer|bc|2rdamedia
338 |aonline resource|bcr|2rdacarrier
500 |aDigitized edition from print [produced by Innovation, Science and Economic Development Canada].
500 |aIssued also in French under title: Utilisation des attributions de la radiodiffusion pour l'exploitation de relais fixes à l'appui de la radiodiffusion.
650 0|aBroadcasting policy|zCanada.
650 0|aRadio frequency allocation|zCanada.
650 0|aRadio relay systems|zCanada.
650 0|aTelevision frequency allocation|zCanada.
650 0|aTelevision relay systems.
7101 |aCanada. |bDepartment of Communications, |eissuing body.
77508|tUtilisation des attributions de la radiodiffusion pour l'exploitation de relais fixes à l'appui de la radiodiffusion.|w(CaOODSP)9.945476
85640|qPDF|s753 KB|uhttps://publications.gc.ca/collections/collection_2024/isde-ised/co22/Co22-701-1979-eng.pdf